LEADER 00959nam0-2200349---450- 001 990008826820403321 005 20090318132127.0 020 $aIT$b665451 035 $a000882682 035 $aFED01000882682 035 $a(Aleph)000882682FED01 035 $a000882682 100 $a20090318d1966----km-y0itay50------ba 101 1 $aita$crus 102 $aIT 105 $ay-------001ay 200 1 $aOblomov$fIvan Gonciaròv 210 $aMilano$cRizzoli$d1966 215 $a2 v.$d16 cm 225 1 $aBiblioteca universale Rizzoli$v2331-2334$v2335-2337 300 $aTrad. di Laura Simoni Malavasi 676 $a891.73$v12$zita 700 1$aGonciaròv,$bIvan$0505227 702 1$aSimoni Malavasi,$bLaura 801 0$aIT$bUNINA$gRICA$2UNIMARC 901 $aBK 912 $a990008826820403321 952 $aBIB. BAT. 7015 (1)$b14687$fBAT 952 $aBIB. BAT. 7015 (2)$b14687$fBAT 959 $aBAT 996 $aOblomov$917627 997 $aUNINA LEADER 01045nam--2200361---450- 001 990001196510203316 005 20031015131454.0 035 $a000119651 035 $aUSA01000119651 035 $a(ALEPH)000119651USA01 035 $a000119651 100 $a20031015d1974----km-y0itay0103----ba 101 0 $afre 102 $aFR 105 $a||||||||001yy 200 1 $aAdamas et Ydoine$eroman du 13. siécle$fédité par John R. Reinard 210 $aParis$cH. Champion$d1974 215 $aX, 295 p.$d19 cm 225 2 $aLes classique francais du moyen age$v51 410 0$12001$aLes classique francais du moyen age$v51 454 1$12001 461 1$1001-------$12001 676 $a843.1 700 1$aREINARD,$bJohn R.$0555929 801 0$aIT$bsalbc$gISBD 912 $a990001196510203316 951 $aII F A coll. 54/51$b95537 L.M.$cII F A 959 $aBK 969 $aUMA 979 $aSIAV1$b10$c20031015$lUSA01$h1314 979 $aPATRY$b90$c20040406$lUSA01$h1726 996 $aAdamas et Ydoine$9985176 997 $aUNISA